[Event "Hotel Irottko GM"]
[Site "Koszeg"]
[Date "1999.06.24"]
[Round "2"]
[White "Zontakh, Andrey"]
[Black "Csom, Istvan"]
[Result "1-0"]
[WhiteElo "2530"]
[BlackElo "2455"]

1.e4 c5 2.Nf3 d6 3.d4 cxd4 4.Nxd4 Nf6 5.Nc3 Nc6 6.Bg5 e6 7.Qd2 a6 8.O-O-O h6
9.Be3 Qc7 10.f4 Be7 11.Be2 Nxd4 12.Qxd4 e5 13.fxe5 dxe5 14.Qb6 Qxb6 15.Bxb6 Be6
16.Nd5 Bd8 17.Nc7+ Bxc7 18.Bxc7 Nd7 19.b3 O-O 20.Kb2 Rac8 21.Bd6 Rfe8 22.a4 Rc6
23.Rd2 Nc5 24.Bf3 f6 25.a5 Rec8 26.Rhd1 Kf7 27.h3 Kg6 28.Ka3 Kg5 29.c4 Kf4
30.Bxc5 Rxc5 31.Rf1 Kg5 32.Ka4 R5c6 33.Be2 h5 34.Rd3 h4 35.g3 Bxc4 36.bxc4 Rxc4+
37.Kb3 Rxe4 38.Bg4 Rc5 39.Rf5+ Kg6 40.gxh4 Rb5+ 41.Kc3 Rc5+ 42.Kd2 Rxa5 43.h5+ Kh7
44.Rd7 Raa4 45.Rxb7 Rad4+ 46.Kc2 Rc4+ 47.Kb3 a5 48.Rf2 Kh6 49.Bd1 Rcd4 50.Kc2 Rc4+
51.Kb2 Red4 52.Bg4 Rb4+ 53.Rxb4 Rxb4+ 54.Kc3 Rf4 55.Rg2 g6 56.hxg6 Kxg6 57.h4 Kh7
58.h5 a4 59.Bd1 a3 60.Kb3 Rd4 61.Bc2+ Kh6 62.Bg6 f5 63.Bxf5 Kxh5 64.Kxa3 e4
65.Re2 Kg5 66.Bxe4 Kf6 67.Kb3 Ke5 68.Bd3+ Kf6 69.Kc3 Rd8 70.Rg2 Rd7 71.Kd2 Re7
72.Rg4 Re5 73.Ra4 Re8  1-0

[Event "Fan Adams Int f-A"]
[Site "New York"]
[Date "1999.06.25"]
[Round "2"]
[White "Shahade, Gregory"]
[Black "Sher, Miron N"]
[Result "1/2-1/2"]
[WhiteElo "2386"]
[BlackElo "2415"]

1.e4 c5 2.Nf3 d6 3.d4 Nf6 4.Nc3 cxd4 5.Nxd4 Nc6 6.Bg5 e6 7.Qd2 a6 8.O-O-O h6
9.Be3 Qc7 10.f3 Be7 11.Kb1 Ne5 12.f4 Nc4 13.Bxc4 Qxc4 14.e5 dxe5 15.fxe5 Nd7
16.Nf3 b5 17.Qf2 Bb7 18.Qg3 g6 19.Nd2 Qc7 20.Nde4 b4 21.Nd6+ Bxd6 22.exd6 Qa5
23.Ne2 O-O 24.Bxh6 Rfc8 25.Qh4 Qh5 26.Qxh5 gxh5 27.Rd4 a5 28.Bd2 f6 29.c3 bxc3
30.Bxc3 Kf7 31.Rg1 e5 32.Rh4 Ke6 33.Rxh5 a4 34.Bb4 Be4+ 35.Ka1 Rc2 36.Re1 Kf7
37.g3 Rac8 38.Nc3 Bg6 39.Rh4 Rg2 40.Ba3 e4 41.Bb4 f5 42.a3 Ne5 43.Rd1 Rd8
44.Nd5 Nd3 45.Nf4 Nxf4 46.Rxf4 Rd7 47.Rdf1 Ke6 48.R4f2 Rxf2 49.Rxf2 Bh5 50.Rc2 Bd1
51.Rc3 Be2 52.Kb1 Bb5 53.Kc1 Rh7 54.h4 Bd7 55.Kd2 Rg7 56.Ke2 Rg4 57.Kf2 Rg8
58.b3 axb3 59.Rxb3 Rc8 60.Ke3 Rg8 61.Kf2 Rc8 62.Rc3 Rg8 63.Rc7 Rg4 64.h5 Rg5
65.a4 Rxh5 66.Kg2 Rh8 67.a5 Rb8 68.Bc5  1/2-1/2

[Event "Ljubljana op 10th"]
[Site "Ljubljana"]
[Date "1999.06.27"]
[Round "3"]
[White "Sibarevic, Milenko"]
[Black "Kozul, Zdenko"]
[Result "0-1"]
[WhiteElo "2363"]
[BlackElo "2585"]

1.e4 c5 2.Nf3 Nc6 3.d4 cxd4 4.Nxd4 Nf6 5.Nc3 d6 6.Bg5 e6 7.Qd2 a6 8.O-O-O Bd7
9.f3 Qc7 10.Kb1 Rc8 11.Nxc6 Bxc6 12.Bd3 Be7 13.h4 b5 14.Ne2 h6 15.Be3 h5
16.Bg5 e5 17.Ng3 g6 18.c4 b4 19.Bxf6 Bxf6 20.Nf1 a5 21.Ne3 Qa7 22.Bc2 Be7
23.Nd5 Bd8 24.f4 Qc5 25.fxe5 dxe5 26.Bd3 Kf8 27.Rdf1 Kg7 28.Qf2 Qxf2 29.Rxf2 Bd7
30.g3 Be6 31.Rhf1 Re8 32.b3 Be7 33.Rf3 Bc5 34.Bc2 Red8 35.Bd3 Rd7 36.Rc1 Bh3
37.Rc2 Ra8 38.Rd2 Bg4 39.Rf1 a4 40.bxa4 Rxa4 41.Rb2 Ra3 42.Rb3 Rda7 43.Rc1 Rxb3+
44.axb3 Ra3 45.Kc2 Ra2+ 46.Kb1 Rg2 47.Nc7 Rxg3 48.Bc2 g5  0-1

[Event "Ljubljana op 10th"]
[Site "Ljubljana"]
[Date "1999.06.29"]
[Round "5"]
[White "Nevednichy, Vladislav"]
[Black "Kozul, Zdenko"]
[Result "0-1"]
[WhiteElo "2505"]
[BlackElo "2585"]

1.e4 c5 2.Nf3 d6 3.d4 cxd4 4.Nxd4 Nf6 5.Nc3 Nc6 6.Bg5 e6 7.Qd2 a6 8.O-O-O Bd7
9.f4 b5 10.Bxf6 gxf6 11.Nxc6 Bxc6 12.Qe3 Qe7 13.Bd3 Qa7 14.Qh3 b4 15.Ne2 Qc5
16.Kb1 h5 17.Ng3 h4 18.Rhe1 Bg7 19.Nf1 a5 20.Re2 a4 21.Qe3 Bh6 22.Rf2 Ke7
23.Re1 Rhg8 24.Qxc5 dxc5 25.Ne3 Rad8 26.a3 Rd4 27.axb4 cxb4 28.Nf1 b3 29.g3 Rb8
30.Kc1 Ke8 31.Nd2 Bf8 32.Nf3 Rd7 33.Nxh4 a3 34.bxa3 Bxa3+ 35.Kd2 bxc2 36.Rc1 Bxc1+  0-1

[Event "Ljubljana op 10th"]
[Site "Ljubljana"]
[Date "1999.07.03"]
[Round "9"]
[White "Sax, Gyula"]
[Black "Kozul, Zdenko"]
[Result "0-1"]
[WhiteElo "2524"]
[BlackElo "2585"]

1.e4 c5 2.Nf3 Nc6 3.d4 cxd4 4.Nxd4 Nf6 5.Nc3 d6 6.Bg5 e6 7.Qd2 a6 8.O-O-O Bd7
9.f4 b5 10.Nxc6 Bxc6 11.Bd3 b4 12.Bxf6 gxf6 13.Ne2 Qb6 14.Kb1 h5 15.Qe1 h4
16.f5 e5 17.Ng1 Ke7 18.Nf3 Bh6 19.Nxh4 a5 20.Nf3 Rhg8 21.Qe2 a4 22.g4 Qc5
23.Rhg1 Be3 24.Rge1 Bf4 25.Bc4 Bb7 26.h3 Rgc8 27.Bd5 Ba6 28.Qg2 b3 29.c3 bxa2+
30.Ka1 Rab8 31.Rc1 Bxc1 32.Rxc1 a3 33.b3 Qe3 34.Rc2 Rxc3 35.Rxc3 Qxc3+ 36.Kxa2 Bb7  0-1

[Event "Swidnica op"]
[Site "Swidnica"]
[Date "1999.07.04"]
[Round "7"]
[White "Jedryczka, Krystian"]
[Black "Shishkin, Vadim"]
[Result "1-0"]
[WhiteElo "2371"]
[BlackElo "2478"]

1.e4 c5 2.Nf3 Nc6 3.d4 cxd4 4.Nxd4 Nf6 5.Nc3 d6 6.Bg5 e6 7.Qd2 a6 8.O-O-O Bd7
9.Kb1 b5 10.Bxb5 axb5 11.Ndxb5 Qb8 12.Nxd6+ Bxd6 13.Qxd6 Qxd6 14.Rxd6 Ke7
15.Rhd1 Rhd8 16.f4 h6 17.Bh4 g5 18.fxg5 hxg5 19.Bxg5 Ne5 20.Rb6 Rg8 21.Nd5+ exd5
22.Bxf6+ Ke8 23.Bxe5 dxe4 24.g3 Rg5 25.Bf4 Rga5 26.a3 Be6 27.Rb8+ Rxb8 28.Bxb8 Ke7
29.Bc7 Ra8 30.Re1 Bd5 31.Bf4 Kf6 32.h4 Kg6 33.g4 Be6 34.h5+ Kf6 35.Rxe4 Bxg4
36.h6 Kg6 37.b3 Bf5 38.Re2 Rxa3 39.Kb2 Ra8 40.Rg2+ Kf6 41.c4 Be4 42.Rh2 Kg6
43.b4 Kh7 44.Rh3 Rg8 45.b5 Rg4 46.Bd2 f5 47.Re3 Rg1 48.Ra3 Rb1+ 49.Kc3 Rh1
50.Ra7+ Kg6 51.Rg7+ Kf6 52.Bg5+ Ke6 53.Re7+ Kd6 54.h7 Bb1 55.Bf6 f4 56.c5+  1-0

[Event "SVK-ch"]
[Site "Nove Zamky"]
[Date "1999.07.05"]
[Round "3"]
[White "Rigo, Zsolt"]
[Black "Lancz, Ondrej"]
[Result "1-0"]
[WhiteElo "2222"]
[BlackElo "2064"]

1.e4 c5 2.Nf3 Nc6 3.d4 cxd4 4.Nxd4 Nf6 5.Nc3 d6 6.Bg5 e6 7.Qd2 a6 8.O-O-O h6
9.Be3 Bd7 10.f4 Qc7 11.Bd3 b5 12.Kb1 Be7 13.h3 Nxd4 14.Bxd4 Bc6 15.Rde1 b4
16.Nd1 e5 17.Bf2 Qb7 18.Qe3 a5 19.Rhg1 a4 20.g4 b3 21.cxb3 a3 22.h4 axb2
23.g5 Nd7 24.Nc3 Qb4 25.Bc4 hxg5 26.fxg5 Qa5 27.Re2 Nc5 28.Rxb2 f5 29.exf5 e4
30.b4 Qa3 31.bxc5 Rf8 32.cxd6 Bxd6 33.Nxe4  1-0

[Event "Tan Chin Nam Cup 5th"]
[Site "Shenyang"]
[Date "1999.07.10"]
[Round "3"]
[White "Sutovskij, Emil"]
[Black "Wang Zili"]
[Result "0-1"]
[WhiteElo "2587"]
[BlackElo "2524"]

1.e4 c5 2.Nf3 d6 3.d4 cxd4 4.Nxd4 Nf6 5.Nc3 Nc6 6.Bg5 e6 7.Qd2 a6 8.O-O-O h6
9.Nxc6 bxc6 10.Bf4 d5 11.Qe3 Bb4 12.Be2 O-O 13.e5 Nh7 14.h4 Be7 15.Rh3 Kh8
16.g4 Rb8 17.g5 c5 18.gxh6 g6 19.h5 Qb6 20.b3 g5 21.Qg3 Rg8 22.Bd2 c4 23.Be3 Qb4
24.Bd4 a5 25.Bg4 Qa3+ 26.Kd2 Bc5 27.Qe3 Bxd4 28.Qxd4 cxb3 29.axb3 Rb4 30.Qc5 Rxb3
31.Qxa3 Rxa3 32.Rb1 f5 33.Nb5 Rxh3 34.Bxh3 g4 35.Nd6 Ng5 36.Bg2 f4 37.c4 dxc4
38.Rb8 Ba6 39.Rb6 f3 40.Bf1 c3+ 41.Kxc3 Bxf1 42.Rb1 Bh3 43.Rg1 Kh7 44.Kd4 Kxh6
45.Nc4 a4 46.Ra1 Ra8 47.Ke3 Kxh5 48.Nb6 Ra6 49.Nd7 a3 50.Nf6+ Kg6  0-1

[Event "SVK-ch"]
[Site "Nove Zamky"]
[Date "1999.07.11"]
[Round "9"]
[White "Bejaoui, Anis"]
[Black "Lanc, Alois"]
[Result "0-1"]
[WhiteElo "2024"]
[BlackElo "2395"]

1.e4 c5 2.Nf3 Nc6 3.d4 cxd4 4.Nxd4 Nf6 5.Nc3 d6 6.Bg5 e6 7.Qd2 h6 8.Bxf6 gxf6
9.O-O-O a6 10.f4 Qb6 11.Nb3 Bd7 12.Be2 h5 13.Kb1 O-O-O 14.Bf3 Kb8 15.Rhf1 Be7
16.h4 Rc8 17.Ne2 a5 18.Ng3 a4 19.Nd4 Na5 20.Qf2 Nc4 21.c3 f5 22.Qe2 Bxh4
23.Nh1 fxe4 24.Bxe4 a3 25.b3 f5 26.Bd3 Nb2 27.Rc1 Nxd3 28.Qxd3 Rhg8 29.g3 Bf6
30.Rfe1 Bxd4 31.cxd4 Rxc1+ 32.Rxc1 Bc6 33.Nf2 Qa5 34.Qe3 Qd5 35.Re1 Rg6 36.b4 Qg2
37.b5 Be4+  0-1

[Event "Arthur Dake Int"]
[Site "San Francisco"]
[Date "1999.07.14"]
[Round "4"]
[White "Cartagena, Omar"]
[Black "Lobo, Richard"]
[Result "1/2-1/2"]
[WhiteElo "2416"]
[BlackElo "2310"]

1.e4 c5 2.Nf3 d6 3.d4 cxd4 4.Nxd4 Nf6 5.Nc3 Nc6 6.Bg5 e6 7.Qd2 Be7 8.O-O-O O-O
9.f4 Nxd4 10.Qxd4 Qa5 11.Bc4 Bd7 12.Bb3 Rfd8 13.Rhf1 h6 14.Bh4 e5 15.Qd3 exf4
16.Rxf4 Be6 17.Bxf6 Bxf6 18.Rxf6 gxf6 19.Nd5 Bxd5 20.Bxd5 Qc7 21.Rf1 Qe7
22.Rf5 Kg7 23.Qg3+ Kh7 24.Qf4 Kg7 25.g4 Rh8 26.h4 Raf8 27.a3 b5 28.Kb1 Rh7
29.Qd2 Kg8 30.Qd4 Rg7 31.Qe3 Rg6 32.Qf4 Kg7 33.c3 Rb8 34.Bb3 a6 35.Rd5 Rb6
36.Bc2 Qe6 37.Rf5 Rb8 38.Qf3 a5 39.Qd3 b4 40.cxb4 axb4 41.Bb3 Qe7 42.a4 Rxg4
43.Ka2 Qxe4 44.Qf1 Qd4 45.Rd5 Qf4 46.Qd3 Rg1 47.Qe2 Qc1 48.Rd1 Rxd1 49.Bxd1 Qc5
50.Bb3 Kf8 51.Qd2 h5 52.Qh6+ Ke7 53.Qh7 d5 54.Qxh5 Rd8 55.Qh7 Qd4 56.h5 Qe4
57.Qg7 Ke6 58.Qg1 Rh8 59.Qb6+ Ke7 60.Qc7+ Ke6 61.Qc6+ Ke7 62.Qc7+  1/2-1/2

[Event "Komercni Banka op"]
[Site "Pardubice"]
[Date "1999.07.17"]
[Round "2"]
[White "Prandstetter, Eduard"]
[Black "Sherbakov, Ruslan"]
[Result "1/2-1/2"]
[WhiteElo "2385"]
[BlackElo "2541"]

1.e4 c5 2.Nf3 Nc6 3.d4 cxd4 4.Nxd4 Nf6 5.Nc3 d6 6.Bg5 e6 7.Qd2 Qb6 8.O-O-O Qxd4
9.Qxd4 Nxd4 10.Rxd4 a6 11.f3 Bd7 12.Rd2 Bc6 13.Be2 Be7 14.Bf4 d5 15.exd5 Nxd5
16.Nxd5 Bxd5 17.c4 Rc8  1/2-1/2

[Event "Southern Californian-ch"]
[Site "Los Angeles"]
[Date "1999.07.18"]
[Round "7"]
[White "Peters, John A"]
[Black "Van Buskirk, Charles"]
[Result "1/2-1/2"]
[WhiteElo "2478"]
[BlackElo "2287"]

1.e4 c5 2.Nf3 d6 3.d4 cxd4 4.Nxd4 Nf6 5.Nc3 Nc6 6.Bg5 e6 7.Qd2 Be7 8.O-O-O O-O
9.Nb3 a6 10.Bxf6 gxf6 11.f4 Kh8 12.Be2 b5 13.Bf3 Bd7 14.g4 Rc8 15.Kb1 Rg8
16.h4 Na5 17.Nxa5 Qxa5 18.g5 Rc7 19.Ne2 Qxd2 20.Rxd2 fxg5 21.fxg5 Bc6 22.Rf1 Bf8
23.Nf4 Bg7 24.a3 a5 25.Bg2 Be5 26.Nd3 Bg3 27.Rh1 Be5 28.Nxe5 dxe5 29.Rhd1 Rcc8
30.Rf2 Rc7 31.Bf3  1/2-1/2

[Event "Komercni Banka op"]
[Site "Pardubice"]
[Date "1999.07.18"]
[Round "3"]
[White "Manik, Mikulas"]
[Black "Breder, Dennis"]
[Result "1/2-1/2"]
[WhiteElo "2447"]
[BlackElo "2256"]

1.e4 c5 2.Nf3 Nc6 3.d4 cxd4 4.Nxd4 Nf6 5.Nc3 d6 6.Bg5 e6 7.Bb5 Bd7 8.Bxc6 bxc6
9.Qf3 h6 10.Bh4 e5 11.Nf5 Bxf5 12.Qxf5 Be7 13.O-O Qd7 14.Qxd7+ Nxd7 15.Bg3 Bg5
16.Rad1 Ke7 17.f3 h5 18.Bf2  1/2-1/2

[Event "Dutch Open"]
[Site "Dieren"]
[Date "1999.07.21"]
[Round "2"]
[White "Van Delft, Merijn"]
[Black "Van der Weide, Karel"]
[Result "1/2-1/2"]
[WhiteElo "2323"]
[BlackElo "2434"]

1.e4 c5 2.Nf3 Nc6 3.d4 cxd4 4.Nxd4 Nf6 5.Nc3 d6 6.Bg5 e6 7.Qd2 Be7 8.O-O-O O-O
9.f4 Nxd4 10.Qxd4 Qa5 11.Bc4 Bd7 12.e5 dxe5 13.fxe5 Bc6 14.Bd2 Nd7 15.Nd5 Qd8
16.Nxe7+ Qxe7 17.Rhe1 Rfd8 18.Qg4 Nf8 19.Bd3 Rd5 20.h4 Ng6 21.Bg5 Qc5 22.Bxg6 Rxd1+
23.Qxd1 hxg6 24.g3 Rc8 25.Kb1 a5 26.Re3 a4 27.Bf4 Qb6 28.Rc3 Rd8 29.Rd3 Bd5
30.Qe1 Qa6 31.Bc1 Qc4 32.b3 axb3 33.axb3 Qa6 34.Bb2 Ra8 35.Rc3 Bc6 36.Rd3 Bb5
37.Rd6 Qa7 38.Rd4 Qc5 39.Qc3 Qe7 40.Bc1 Bc6 41.Qd3 Qc7 42.Bb2 Qa5  1/2-1/2

[Event "Paris-ch"]
[Site "Paris"]
[Date "1999.07.21"]
[Round "5"]
[White "Chomet, Pascal"]
[Black "Abergel, Thal"]
[Result "0-1"]
[WhiteElo "2389"]
[BlackElo "2231"]

1.e4 c5 2.Nf3 Nc6 3.d4 cxd4 4.Nxd4 Nf6 5.Nc3 d6 6.Bg5 e6 7.Qd2 a6 8.O-O-O h6
9.Bf4 Bd7 10.Nxc6 Bxc6 11.f3 d5 12.Qe1 Bb4 13.a3 Bxc3 14.Qxc3 Rc8 15.Qe1 O-O
16.e5 Qc7 17.Bd3 Bb5 18.Qe2 Nd7 19.Rhe1 Bxd3 20.Rxd3 Qc4 21.Qd2 Nc5 22.Kb1 Nxd3
23.cxd3 Qb3 24.Re3 d4 25.Re4 Rc7 26.Rxd4 Rfc8 27.Qb4 Qc2+ 28.Ka2 a5 29.Qxa5 Qxg2
30.Bxh6 Rc2 31.Rb4 Qxf3 32.Bf4 Qxd3 33.Qb5 Qxb5 34.Rxb5 R8c7 35.a4 R2c4  0-1

[Event "Lippstadt"]
[Site "Lippstadt"]
[Date "1999.07.22"]
[Round "1"]
[White "Slobodjan, Roman"]
[Black "Csom, Istvan"]
[Result "1/2-1/2"]
[WhiteElo "2550"]
[BlackElo "2472"]

1.e4 c5 2.Nf3 d6 3.d4 cxd4 4.Nxd4 Nf6 5.Nc3 Nc6 6.Bg5 e6 7.Qd2 a6 8.O-O-O h6
9.Bf4 Bd7 10.Nxc6 Bxc6 11.f3 d5 12.e5 Nd7 13.Bg3 Bb4 14.a3 Ba5 15.Qd4 Rc8
16.Bd3 Bb6 17.Qg4 Qg5+ 18.Qxg5 hxg5 19.Rde1  1/2-1/2

[Event "Komercni Banka op"]
[Site "Pardubice"]
[Date "1999.07.24"]
[Round "9"]
[White "Votava, Jan"]
[Black "Manik, Mikulas"]
[Result "1-0"]
[WhiteElo "2497"]
[BlackElo "2447"]

1.e4 c5 2.Nf3 Nc6 3.d4 cxd4 4.Nxd4 Nf6 5.Nc3 d6 6.Bg5 e6 7.Qd2 a6 8.O-O-O h6
9.Be3 Bd7 10.f4 b5 11.Bd3 Qc7 12.Kb1 Be7 13.h3 Nxd4 14.Bxd4 e5 15.Be3 exf4
16.Bxf4 Be6 17.Nd5 Bxd5 18.exd5 O-O 19.Rhf1 Nd7 20.c3 Ne5 21.Bc2 Bf6 22.Bh2 Nd7
23.h4 a5 24.h5 Rfc8 25.Qd3 Nf8 26.Rxf6 gxf6 27.Qg3+ Kh8 28.Qf4 Qe7 29.Bg3 Rc4
30.Qxh6+ Kg8 31.Re1 Qd8 32.Bf2 Rg4 33.Bd4 Nd7 34.Bh7+  1-0

[Event "Aceimar op 6th"]
[Site "Mondariz Balneario"]
[Date "1999.07.28"]
[Round "2"]
[White "De la Villa Garcia, Jesus Maria"]
[Black "Andrade, Leonardo"]
[Result "1-0"]
[WhiteElo "2473"]
[BlackElo "2183"]

1.e4 c5 2.Nf3 d6 3.d4 cxd4 4.Nxd4 Nf6 5.Nc3 Nc6 6.Bg5 e6 7.Qd2 a6 8.O-O-O h6
9.Be3 Nxd4 10.Bxd4 Be7 11.f3 b5 12.Kb1 Qa5 13.Qe3 Rb8 14.e5 dxe5 15.Qxe5 Rb7
16.Ne4 Rd7 17.Bd3 Rd5 18.Qg3 Nh5 19.Qb8 Qd8 20.Bb6 Qd7 21.Nc3 Bd6 22.Qa7 Rg5
23.Qxd7+ Kxd7 24.Ne4 Rd5 25.c4 bxc4 26.Bxc4 Bb7 27.Bxd5 Bxd5 28.Nc3 Nf6 29.Bd4 Kc6
30.Bxf6 gxf6 31.Nxd5 exd5 32.Rd3 Rd8 33.Rc1+  1-0

[Event "Budapest  Agro GM"]
[Site "Budapest"]
[Date "1999.07.30"]
[Round "1"]
[White "Tolnai, Tibor"]
[Black "Wittmann, Walter"]
[Result "1-0"]
[WhiteElo "2514"]
[BlackElo "2364"]

1.e4 c5 2.Nf3 d6 3.d4 cxd4 4.Nxd4 Nf6 5.Nc3 Nc6 6.Bg5 e6 7.Qd3 Be7 8.Be2 O-O
9.f4 Nxd4 10.Qxd4 Qa5 11.O-O-O h6 12.h4 Rd8 13.Qe3 Kf8 14.Kb1 b5 15.Bxf6 Bxf6
16.e5 dxe5 17.fxe5 Rxd1+ 18.Rxd1 Be7 19.Qe4 Rb8 20.Qh7 Bxh4 21.Qh8+ Ke7 22.Qxg7 Bb7
23.Qxh6 Qb4 24.a3  1-0

[Event "Lost Boys op"]
[Site "Antwerp"]
[Date "1999.07.31"]
[Round "2"]
[White "Ribshtein, Nati"]
[Black "Baklan, Vladimir"]
[Result "1/2-1/2"]
[WhiteElo "2349"]
[BlackElo "2591"]

1.e4 c5 2.Nf3 d6 3.d4 cxd4 4.Nxd4 Nf6 5.Nc3 Nc6 6.Bg5 Bd7 7.Qd2 Rc8 8.O-O-O Nxd4
9.Qxd4 Qa5 10.Bd2 a6 11.Kb1 e5 12.Qd3 Ng4 13.Be1 Qc5 14.Qd2 Be7 15.Nd5 Bg5
16.Qc3 Qxc3 17.Nxc3 Rc6 18.Nd5 f5  1/2-1/2

[Event "Hotel Agro IM A"]
[Site "Budapest"]
[Date "1999.08.03"]
[Round "5"]
[White "Feher, Gyula"]
[Black "Balogh, Csaba"]
[Result "1/2-1/2"]
[WhiteElo "2394"]
[BlackElo "2235"]

1.e4 c5 2.Nf3 d6 3.d4 cxd4 4.Nxd4 Nf6 5.Nc3 Nc6 6.Bg5 e6 7.Qd2 a6 8.O-O-O Bd7
9.f3 Qc7 10.Kb1 Rc8 11.Nxc6 Bxc6 12.Bd3 Be7 13.h4 h6 14.Be3 h5 15.Ne2 e5
16.c4 Nd7 17.Nc3 Nc5 18.Nd5 Bxd5 19.cxd5 Nxd3 20.Qxd3 Qc4 21.Qxc4 Rxc4 22.Rc1 Rxc1+
23.Kxc1 Kd7 24.Kd2 g6 25.g3 f5 26.Kd3 Rc8 27.Rh2 Bd8  1/2-1/2

[Event "MK Cafe Cup-B"]
[Site "Koszalin"]
[Date "1999.08.03"]
[Round "1"]
[White "Iwaniuk, Dorota"]
[Black "Khasin, Alexander"]
[Result "0-1"]
[WhiteElo "2189"]
[BlackElo "2511"]

1.e4 c5 2.Nf3 Nc6 3.d4 cxd4 4.Nxd4 Nf6 5.Nc3 d6 6.Bg5 e6 7.Qd2 a6 8.O-O-O h6
9.Be3 Nxd4 10.Bxd4 b5 11.f3 Qc7 12.h4 b4 13.Ne2 e5 14.Be3 Rb8 15.Kb1 Be6
16.g4 d5 17.Ng3 d4 18.Bf2 Nd7 19.Bh3 Nb6 20.g5 Nc4 21.Qc1 Na3+ 22.Ka1 Nxc2+
23.Kb1 Bxa2+ 24.Kxa2 b3+ 25.Kb1 Qa5 26.Qxc2 bxc2+ 27.Kxc2 Qa4+ 28.Kc1 Qa1+  0-1

[Event "MK Cafe Cup-A"]
[Site "Koszalin"]
[Date "1999.08.03"]
[Round "1"]
[White "Zezulkin, Jurij"]
[Black "Lerner, Konstantin Z"]
[Result "1/2-1/2"]
[WhiteElo "2478"]
[BlackElo "2588"]

1.e4 c5 2.Nf3 d6 3.d4 cxd4 4.Nxd4 Nf6 5.Nc3 Nc6 6.Bg5 e6 7.Qd2 a6 8.O-O-O h6
9.Be3 Be7 10.f4 Bd7 11.Kb1 b5 12.Bd3 O-O 13.Nxc6 Bxc6 14.e5 dxe5 15.fxe5 Nd5
16.Nxd5 Qxd5 17.Bxh6 Qxe5 18.Rde1 Qd5 19.Rhf1 f5 20.Bf4 Bf6 21.Qe2 Rae8 22.Qh5 Qd4
23.Bc1 Qh4 24.Qxh4 Bxh4 25.Re2 Bf6 26.Rfe1 Kf7 27.Bf4 Rh8 28.h3 g5 29.Bd6 Rhg8
30.c4 g4 31.cxb5 Bxb5 32.Bxb5 axb5 33.hxg4 Rxg4 34.Rc1 Rd4 35.Rc7+ Kg6 36.Rc6 Kg5
37.Bc5 Rd5 38.Be3+ f4 39.Bc1 Kf5 40.Rf2 e5 41.g3 Bg5 42.a4 bxa4 43.Rc4 Rd4
44.Rxd4 exd4 45.Bxf4 Bxf4 46.Rxf4+ Ke5 47.Kc2 Rg8 48.Rf3 Ke4 49.Rf7 Rxg3
50.Re7+ Kd5 51.Ra7 Rg2+ 52.Kd3 Rxb2 53.Ra5+ Kc6  1/2-1/2

[Event "MK Cafe Cup-A"]
[Site "Koszalin"]
[Date "1999.08.04"]
[Round "2"]
[White "Dworakowska, Joanna"]
[Black "Mainka, Romuald"]
[Result "1/2-1/2"]
[WhiteElo "2306"]
[BlackElo "2476"]

1.e4 c5 2.Nf3 Nc6 3.d4 cxd4 4.Nxd4 Nf6 5.Nc3 d6 6.Bg5 e6 7.Qd2 a6 8.O-O-O h6
9.Be3 Bd7 10.f3 b5 11.Kb1 Ne5 12.Bd3 Qc7 13.g4 b4 14.Nce2 Rb8 15.c4 Bc8 16.b3 Nfd7
17.Ng3 Bb7 18.Bc2 Nc5 19.Qe2 Be7 20.h4 g6 21.f4 Ned7 22.h5 g5 23.fxg5 Bxg5
24.Bxg5 hxg5 25.Qe3 f6 26.Rdf1 Ne5 27.Qe2 Qg7 28.Rh2 Qh6 29.Rhf2 O-O 30.Ka1 Bc8
31.Qd1 Bd7 32.Rd2 Rbd8 33.Qe2 Be8 34.Rg1 Kh8 35.Nf1 Qg7 36.Ne3 Qb7 37.Qg2 a5
38.Nf3 Bc6 39.Nxe5 fxe5 40.Rf1 Rf4 41.Rfd1 Qe7 42.Qh2 Bxe4 43.Ng2 Bxg2 44.Qxg2 e4
45.Qg1 Qf6+ 46.Kb1 Qe5 47.Re2 Rdf8 48.h6 R8f6 49.Rde1 a4 50.bxa4 Qc3 51.Qh1 Kh7
52.Rxe4 Nxe4 53.Rxe4 Rf1+ 54.Re1+ Qxc2+ 55.Kxc2 Rxh1 56.Rxh1 Rf3 57.Kb2 Rd3
58.a5 e5 59.Rh5 Rc3 60.Rxg5 Kxh6 61.Rg8 Ra3 62.Rd8 Kg5 63.Rxd6 e4 64.Re6 e3
65.Re4 Kh4 66.a6 Kg3 67.a7 Kf3 68.Re7 e2 69.Rf7+ Kxg4 70.Re7 Kf3 71.Rf7+ Ke3
72.Re7+ Kd3 73.Rd7+ Kxc4 74.Re7 Kd3 75.Rd7+ Ke3 76.Re7+ Kf2 77.Rf7+ Kg2 78.Re7 Kf1
79.Rf7+ Ke1 80.Rd7  1/2-1/2

[Event "MK Cafe Cup-A"]
[Site "Koszalin"]
[Date "1999.08.05"]
[Round "3"]
[White "Kogan, Artur"]
[Black "Lerner, Konstantin Z"]
[Result "1/2-1/2"]
[WhiteElo "2518"]
[BlackElo "2588"]

1.e4 c5 2.Nf3 d6 3.Nc3 Nc6 4.d4 cxd4 5.Nxd4 Nf6 6.Bg5 e6 7.Qd2 a6 8.O-O-O Bd7
9.f4 b5 10.Nxc6 Bxc6 11.Qe3 Be7 12.Bxf6 gxf6 13.Kb1 Qc7 14.f5 Qa7 15.Qh6 b4
16.Ne2 Bxe4 17.fxe6 fxe6 18.Nd4 e5 19.Qg7 exd4 20.Qxh8+ Kf7 21.Bc4+ d5 22.Bxd5+ Bxd5
23.Qxh7+ Ke6 24.Qh4 Rd8 25.Rhe1+ Kd6 26.Rxd4 Kc6 27.Red1 Bc5 28.R4d3 Qe7
29.Ka1 Rd6 30.Qh8 Rd8 31.Qh4 Rd6 32.Qh8 Rd8 33.Qh3 Qe4 34.Qh6 Qc4 35.b3 Qxc2
36.Qxf6+ Rd6 37.Qb2 Qxg2 38.Qxg2 Bxg2 39.Rxd6+ Bxd6 40.h4 Be5+ 41.Kb1 Be4+
42.Kc1 Bf4+ 43.Kb2  1/2-1/2

[Event "Lost Boys op"]
[Site "Antwerp"]
[Date "1999.08.06"]
[Round "7"]
[White "Baklan, Vladimir"]
[Black "Gershon, Alik"]
[Result "1/2-1/2"]
[WhiteElo "2591"]
[BlackElo "2492"]

1.e4 c5 2.Nf3 d6 3.d4 Nf6 4.Nc3 cxd4 5.Nxd4 Nc6 6.Bg5 e6 7.Qd2 Be7 8.O-O-O O-O
9.f4 Nxd4 10.Qxd4 Qa5 11.Bc4 Bd7 12.e5 dxe5 13.fxe5 Bc6 14.Bd2 Nd7 15.Nd5 Qd8
16.Nxe7+ Qxe7 17.Rhe1 Rfd8 18.Qg4 Nf8 19.Bd3 Rxd3 20.cxd3 Qd7 21.Re3 Bd5
22.Rg3 Ng6 23.Bc3 Rc8 24.h4 h5 25.Qd4 Qb5 26.Rg5 Bxa2 27.Kd2 Ne7 28.g4 Nd5
29.Ke1 Bb3 30.Rd2 Qa6 31.gxh5 Qa1+ 32.Kf2 Qh1 33.Qg4 Qh2+ 34.Ke1 Qh1+ 35.Kf2 Qh2+
36.Ke1  1/2-1/2

[Event "Lost Boys op"]
[Site "Antwerp"]
[Date "1999.08.07"]
[Round "8"]
[White "Dutreeuw, Marc"]
[Black "David, Alberto"]
[Result "1/2-1/2"]
[WhiteElo "2394"]
[BlackElo "2544"]

1.e4 c5 2.Nf3 d6 3.d4 cxd4 4.Nxd4 Nf6 5.Nc3 Nc6 6.Bg5 e6 7.Qd2 a6 8.O-O-O h6
9.Be3 Be7 10.f3 Nxd4 11.Qxd4 b5 12.Kb1 Qa5 13.a3 Bb7 14.h4 Rc8 15.Be2 h5
16.e5 dxe5 17.Qxe5 O-O 18.Rd3 Bc6 19.Rhd1 Qc7 20.Qxc7  1/2-1/2

[Event "Mala mem op"]
[Site "Griesheim"]
[Date "1999.08.07"]
[Round "5"]
[White "Lobzhanidze, Davit"]
[Black "Bagaturov, Giorgi"]
[Result "0-1"]
[WhiteElo "2444"]
[BlackElo "2532"]

1.e4 c5 2.Nf3 Nc6 3.d4 cxd4 4.Nxd4 Nf6 5.Nc3 d6 6.Bg5 e6 7.Qd2 a6 8.O-O-O h6
9.Be3 Bd7 10.f3 Qc7 11.Kb1 Na5 12.g4 b5 13.Bd3 Nc4 14.Bxc4 Qxc4 15.h4 g6
16.Nce2 e5 17.Nb3 Be6 18.g5 hxg5 19.Bxg5 Nh5 20.Nc3 Rc8 21.Na5 Qc7 22.Nd5 Bxd5
23.exd5 Be7 24.Nc6 Bxg5 25.hxg5 O-O 26.c4 bxc4 27.Rh4 Kg7 28.Rxc4 Qd7 29.Ka1 Rfe8
30.Qc3 Kh7 31.a4 Qf5 32.b4 Qxg5 33.b5 axb5 34.axb5 Ra8+ 35.Kb2 Qg2+ 36.Qc2 Qxf3
37.Rc3 Qg4 38.b6 Qc8 39.Rb3 Qb7 40.Rh1 Kg7 41.Rxh5 Qa6 42.Rh1 Rh8 43.Rd1 Rh2
44.Qxh2 Qa2+ 45.Kc3 Qxh2 46.b7 Ra2 47.Nb4 Qg3+ 48.Rd3 Qe1+ 49.Kc4 Ra5 50.Na6 Qc1+
51.Kb4 Rxa6 52.Kb5 Qa1  0-1

[Event "MK Cafe Cup-A"]
[Site "Koszalin"]
[Date "1999.08.07"]
[Round "5"]
[White "Salmensuu, Olli"]
[Black "Shishkin, Vadim"]
[Result "1/2-1/2"]
[WhiteElo "2443"]
[BlackElo "2475"]

1.e4 c5 2.Nf3 Nc6 3.d4 cxd4 4.Nxd4 Nf6 5.Nc3 d6 6.Bg5 e6 7.Qd2 a6 8.O-O-O Bd7
9.f3 h6 10.Be3 b5 11.Nxc6 Bxc6 12.Ne2 Rc8 13.Nd4 Bb7 14.Bd3 Nd7 15.Kb1 Ne5
16.g4 d5 17.Qe2 Bd6 18.Bc1 O-O 19.exd5 Nxd3 20.Rxd3 Bxd5 21.b3 Be7 22.Bb2 Bf6
23.Rhd1 Qc7 24.Qf2 Be5 25.Nf5 Bxb2 26.Kxb2 exf5 27.Rxd5 fxg4 28.fxg4 Qc3+
29.Kb1 Rc6 30.R1d3 Qb4 31.h3 Qe4 32.Kb2 Rfc8 33.Rd8+ Rxd8 34.Rxd8+ Kh7 35.Rd7 f6
36.Qd2 Qe5+ 37.Qd4 Qxd4+ 38.Rxd4 g5 39.a4 bxa4 40.Rxa4 Kg6 41.Ra5 h5 42.c4 hxg4
43.hxg4 Kf7 44.Kc3 Ke7 45.b4 Kd7 46.Kd4 Re6 47.Rd5+ Kc7 48.Rc5+ Kd7 49.Rf5 Kc7
50.Rf3 Rb6 51.Kc5 Re6 52.Kd5 Rb6 53.Rb3 Kd7 54.b5 axb5 55.Rxb5 Rd6+ 56.Ke4 Ke6
57.c5 Rd1 58.Rb6+ Ke7 59.Rb4 Rf1 60.Rc4 f5+ 61.gxf5 Rf4+ 62.Kd5 Rxf5+ 63.Kc6 Rf4
64.Rc1 g4 65.Rc3 Rf3 66.Rc4 g3 67.Rg4 Kf6 68.Kc7 Kf5 69.Rg8 Rc3 70.c6 Kf4
71.Kd7 Kf3 72.c7 g2 73.Kd8 Rd3+ 74.Ke7 Rc3 75.Kd7 Rd3+ 76.Ke7 Rc3 77.Kd7 Rd3+  1/2-1/2

[Event "Chania op 9th"]
[Site "Chania"]
[Date "1999.08.10"]
[Round "8"]
[White "Antoniou, Antonis"]
[Black "Vragoteris, Antonios"]
[Result "1/2-1/2"]
[WhiteElo "2232"]
[BlackElo "2300"]

1.e4 c5 2.Nf3 Nc6 3.d4 cxd4 4.Nxd4 Nf6 5.Nc3 d6 6.Bg5 Qb6 7.Nb3 e6 8.Qd2 a6
9.O-O-O Be7 10.f3 O-O 11.h4 Bd7 12.h5 Qc7 13.h6 g6 14.Qf4 Ne8 15.Bxe7 Nxe7
16.Qh4 Bc6 17.Bd3 b5 18.f4 b4 19.Ne2 e5 20.f5 Bb5 21.Kb1 Rc8 22.Rc1 Rb8 23.Rhf1 a5
24.Rf3 a4 25.Nd2 Qa7 26.Bxb5 Rxb5 27.c4 bxc3 28.Nxc3 Rb4 29.Qg3  1/2-1/2